000 01803nam a2200505 i 4500
001 15607
003 KOSZ 005
005 20200701114506.0
008 200422s1973 pl a f 000 0 pol
015 _aUWD 1973/7150
035 _a991033924649705066
035 _a(PL-WaBN)b19075078-48omnis_nlop
035 _ab19075078
035 _a(OCoLC)749503361
035 _a(PL)b0000001907507
035 _a(EXLNZ-48OMNIS_NETWORK)9910472040005606
040 _aWA N
_cWA N
_dKOSZ 005/RW
046 _k1973
080 _a621.833
100 1 _aTurno, Andrzej
_eAutor
245 1 0 _aObróbka plastyczna kół zębatych /
_cAndrzej Turno, Marek Romanowski, Mieczysław Olszewski.
260 _aWarszawa :
_bWydawnictwa Naukowo-Techniczne,
_c1973.
300 _a229, [3] stron :
_bilustracje ;
_c21 cm.
336 _aTekst
_btxt
_2rdacontent
337 _aBez urządzenia pośredniczącego
_bn
_2rdamedia
338 _aWolumin
_bnc
_2rdacarrier
380 _aKsiążki
380 _aPublikacje fachowe
388 _a1901-2000
388 _a1945-1989
490 1 _aBiblioteka Technologa
504 _aBibliografia na stronach 211-[230].
521 8 _aKsiążka przeznaczona jest dla inżynierów i techników technologów oraz konstruktorów maszyn.
650 7 _aKoła zębate
_2DBN
650 7 _aTechnologia
650 7 _aObróbka plastyczna
658 _aInżynieria i technika
700 1 _aOlszewski,Mieczysław
_d(1925-2011)
_eAutor
700 1 _aRomanowski, Marek
_eAutor
710 2 _aWydawnictwa Naukowo-Techniczne
_4pbl
830 0 _aBiblioteka Technologa
856 _uhttp://koha.tu.koszalin.pl/cgi-bin/koha/opac-detail.pl?biblionumber=15607
_yKatalog online BPK
942 _2UKD
_cKS
999 _c15607
_d15607